Effective use of park-and-ride facilities / (Record no. 529653)

000 -LEADER
fixed length control field 01567nam a2200397 a 4500
001 - CONTROL NUMBER
control field 1146235
003 - CONTROL NUMBER IDENTIFIER
control field NUST
005 - DATE AND TIME OF LATEST TRANSACTION
control field 20191001103645.0
008 - FIXED-LENGTH DATA ELEMENTS--GENERAL INFORMATION
fixed length control field 950329s1995 dcua b f000 0 eng d
010 ## - LIBRARY OF CONGRESS CONTROL NUMBER
LC control number 95060675
020 ## - INTERNATIONAL STANDARD BOOK NUMBER
Canceled/invalid ISBN 030905852X
035 ## - SYSTEM CONTROL NUMBER
System control number (OCoLC)32886128
038 ## - RECORD CONTENT LICENSOR
Staff Name MSOHAIL
040 ## - CATALOGING SOURCE
Original cataloging agency DNAS-NAE
Transcribing agency DNAS-NAE
Modifying agency DLC
042 ## - AUTHENTICATION CODE
Authentication code lccopycat
043 ## - GEOGRAPHIC AREA CODE
Geographic area code n-us---
050 00 - LIBRARY OF CONGRESS CALL NUMBER
Classification number HE336.P37
Item number T87 1995
082 ## - DEWEY DECIMAL CLASSIFICATION NUMBER
Classification number 0
100 1# - MAIN ENTRY--PERSONAL NAME
Personal name Turnbull, Katherine F.
9 (RLIN) 22078
245 10 - TITLE STATEMENT
Title Effective use of park-and-ride facilities /
Statement of responsibility, etc. Katherine F. Turnbull.
260 ## - PUBLICATION, DISTRIBUTION, ETC.
Place of publication, distribution, etc. Washington, D.C. :
Name of publisher, distributor, etc. National Academy Press,
Date of publication, distribution, etc. 1995.
300 ## - PHYSICAL DESCRIPTION
Extent 45 p. :
Other physical details ill. ;
Dimensions 28 cm.
440 #0 - SERIES STATEMENT/ADDED ENTRY--TITLE
Title Synthesis of highway practice ;
Volume/sequential designation 213
9 (RLIN) 22079
500 ## - GENERAL NOTE
General note Research sponsored by the American Association of State Highway and Transportation Officials in Cooperation with the Federal Highway Administration.
500 ## - GENERAL NOTE
General note "Project 20-5 FY 1991 (Topic 23-13)--T.p. verso.
500 ## - GENERAL NOTE
General note At head of title: National Cooperative Highway Research Program.
504 ## - BIBLIOGRAPHY, ETC. NOTE
Bibliography, etc. note Includes bibliographical references (p. 41-42).
650 #0 - SUBJECT ADDED ENTRY--TOPICAL TERM
Topical term or geographic name entry element Fringe parking
Geographic subdivision United States.
9 (RLIN) 22080
650 #0 - SUBJECT ADDED ENTRY--TOPICAL TERM
Topical term or geographic name entry element Automobile parking
Geographic subdivision United States.
9 (RLIN) 22081
650 #0 - SUBJECT ADDED ENTRY--TOPICAL TERM
Topical term or geographic name entry element Commuting
Geographic subdivision United States.
9 (RLIN) 21434
710 2# - ADDED ENTRY--CORPORATE NAME
Corporate name or jurisdiction name as entry element National Research Council (U.S.).
Subordinate unit Transportation Research Board.
9 (RLIN) 19676
906 ## - LOCAL DATA ELEMENT F, LDF (RLIN)
a 7
b cbc
c copycat
d 2
e opcn
f 19
g y-gencatlg
942 ## - ADDED ENTRY ELEMENTS (KOHA)
Source of classification or shelving scheme
Koha item type Book
Holdings
Withdrawn status Lost status Source of classification or shelving scheme Damaged status Not for loan Permanent Location Current Location Date acquired Total Checkouts Barcode Date last seen Price effective from Koha item type
          School of Civil and Environmental Engineering (SCEE) School of Civil and Environmental Engineering (SCEE) 10/01/2019   NIT-11026 10/01/2019 10/01/2019 Book
© 2023 Central Library, National University of Sciences and Technology. All Rights Reserved.